Петрология жильных образований кимберлитовой формации Якутии : (Record no. 168512)
[ view plain ]
| 000 -LEADER | |
|---|---|
| fixed length control field | 01302nam a2200253 u 4500 |
| 001 - CONTROL NUMBER | |
| control field | 000462235 |
| 003 - CONTROL NUMBER IDENTIFIER | |
| control field | AM-YeHGA |
| 005 - DATE AND TIME OF LATEST TRANSACTION | |
| control field | 20250617133626.0 |
| 008 - FIXED-LENGTH DATA ELEMENTS--GENERAL INFORMATION | |
| fixed length control field | 051107s1989 ||| r ||| 0 rus d |
| 040 ## - CATALOGING SOURCE | |
| Original cataloging agency | AM-YeHGA |
| 041 0# - LANGUAGE CODE | |
| Language code of text/sound track or separate title | rus |
| 090 ## - LOCALLY ASSIGNED LC-TYPE CALL NUMBER (OCLC); LOCAL CALL NUMBER (RLIN) | |
| -- | 169944 |
| 100 1# - MAIN ENTRY--PERSONAL NAME | |
| Personal name | Маршинцев, Виктор Клавдиевич. |
| 245 10 - TITLE STATEMENT | |
| Title | Петрология жильных образований кимберлитовой формации Якутии : |
| Remainder of title | (На прим. околотрубоч. жил) / |
| Statement of responsibility, etc. | В.К. Маршинцев, Ю.П. Барашков, В.В. Готовцев; АН СССР, Сиб. отд-ние, Якут. науч. центр, Ин-т геологии. |
| 260 ## - PUBLICATION, DISTRIBUTION, ETC. | |
| Place of publication, distribution, etc. | Якутск : |
| Name of publisher, distributor, etc. | ЯНЦ СО АН СССР, |
| Date of publication, distribution, etc. | 1989. |
| 300 ## - PHYSICAL DESCRIPTION | |
| Extent | 140 с. |
| Other physical details | [2] л. ил., ил. |
| 504 ## - BIBLIOGRAPHY, ETC. NOTE | |
| Bibliography, etc. note | Библиогр.: с.135-139 |
| 653 0# - INDEX TERM--UNCONTROLLED | |
| Uncontrolled term | Петрография осадочных пород |
| 653 0# - INDEX TERM--UNCONTROLLED | |
| Uncontrolled term | Кимберлиты (геол.) - Якут. АССР |
| 700 1# - ADDED ENTRY--PERSONAL NAME | |
| Personal name | Барашков, Юрий Петрович. |
| 700 1# - ADDED ENTRY--PERSONAL NAME | |
| Personal name | Готовцев, Василий Васильевич. |
| 710 2# - ADDED ENTRY--CORPORATE NAME | |
| Corporate name or jurisdiction name as entry element | Институт геологии Якутского филиала СО АН СССР |
| 710 2# - ADDED ENTRY--CORPORATE NAME | |
| Corporate name or jurisdiction name as entry element | Академия наук СССР |
| Subordinate unit | Сибирское отделение |
| Withdrawn status | Lost status | Damaged status | Not for loan | Collection | Home library | Current library | Date acquired | Total checkouts | Full call number | Barcode | Date last seen | Price effective from | Koha item type | Public note |
|---|---|---|---|---|---|---|---|---|---|---|---|---|---|---|
| General | Fundamental Scientific Library | Fundamental Scientific Library | 28/12/2016 | 552.323.6(571.56) | 120612799 | 28/12/2016 | 28/12/2016 | Գրքեր / Books | 30 Days Loan | |||||
| General | Fundamental Scientific Library | Fundamental Scientific Library | 28/12/2016 | 552.323.6(571.56) | 120613533 | 28/12/2016 | 28/12/2016 | Գրքեր / Books | 30 Days Loan |
ՀՀ Գիտությունների ազգային ակադեմիայի հիմնարար գիտական գրադարան = Fundamental Scientific Library of NAS RA
All site content, except where otherwise noted, is licensed under a